Statistics for Groups of Six Quiz #3

Click here to take the quiz!

General Stats

  • This quiz has been taken 30,122 times
    (21,145 since last reset)
  • The average score is 26 of 54

Answer Stats

Group Answer % Correct
Female Monarchs of EnglandElizabeth I
89%
Nobel Prize CategoriesPeace
87%
Celtic NationsIreland
85%
Celtic NationsScotland
81%
Major MarathonsBoston
80%
Female Monarchs of EnglandVictoria
78%
Celtic NationsWales
77%
Major MarathonsNew York
76%
Nobel Prize CategoriesPhysics
73%
Nobel Prize CategoriesLiterature
73%
US Time ZonesEastern
73%
Black Sea CountriesRussia
72%
US Time ZonesPacific
71%
Female Monarchs of EnglandElizabeth II
71%
Female Monarchs of EnglandMary I
71%
Nobel Prize CategoriesChemistry
69%
Major MarathonsLondon
69%
Black Sea CountriesTurkey
69%
US Time ZonesCentral
68%
Black Sea CountriesUkraine
66%
National Capitals starting with RRome
62%
Black Sea CountriesRomania
58%
US Time ZonesMountain
56%
Black Sea CountriesGeorgia
56%
Black Sea CountriesBulgaria
55%
Female Monarchs of EnglandAnne
52%
Space ShuttlesChallenger
47%
Female Monarchs of EnglandMary II
45%
National Capitals starting with RRiga
43%
Nobel Prize CategoriesMedicine
43%
National Capitals starting with RReykjavík
42%
US Time ZonesHawaiian-Aleutian
41%
National Capitals starting with RRiyadh
37%
US Time ZonesAlaska
36%
Nobel Prize CategoriesEconomics
33%
Big 6 English Romantic PoetsLord Byron
32%
Space ShuttlesColumbia
31%
Major MarathonsBerlin
31%
Big 6 English Romantic PoetsJohn Keats
30%
Major MarathonsChicago
30%
National Capitals starting with RRabat
27%
Space ShuttlesDiscovery
27%
Celtic NationsIsle of Man
26%
Celtic NationsBrittany
25%
Major MarathonsTokyo
25%
Space ShuttlesEndeavour
24%
Big 6 English Romantic PoetsPercy Shelley
24%
Celtic NationsCornwall
24%
Big 6 English Romantic PoetsWilliam Wordsworth
22%
Space ShuttlesEnterprise
16%
Space ShuttlesAtlantis
15%
National Capitals starting with RRoseau
12%
Big 6 English Romantic PoetsSamuel Taylor Coleridge
9%
Big 6 English Romantic PoetsWilliam Blake
8%

Score Distribution

Percentile by Number Answered

Percent of People with Each Score

Your Score History

You have not taken this quiz since the last reset